00755nam a22001577a 4500008004100000020001800041050001400059100001900073245014000092260004600232300003100278500001900309505021800328700001900546700003200565190806b xxu||||| |||| 00| 0 eng d a9780763837259 aR858.U849 aRutkosky, nita aUsing computers in the medical office: Microsoft; word, excel, powerpoint 2007 with windows xp and internet explorer. /cNita Rutkosky. aMontreal way:bParadigm Publisher,c2010. axiii, 428 p.:bill.;c28cm aIncludes index aContents: Unit 1: Using windows XP -- Unit 2: Using internet explorer 7.0 -- Unit 3: Using word in the medical office -- Unit 4: Using excel in the medical office -- Unit 5: Using powerpoint in the medical office. aSeguin, Denise aRoggenkamp, Audrey Rutkosky